The Costa Rica Reader /
El documento explora las raíces de la historia colonial de Costa Rica, hasta los años de la independencia; comenzando con la historiografía tradicional y la democracia rural.
Furkejuvvon:
| Váldodahkki: | |
|---|---|
| Eará dahkkit: | |
| Materiálatiipa: | Girji |
| Giella: | English |
| Almmustuhtton: |
Nueva york:
Grove Weidenfeld;
1989
|
| Fáttát: | |
| Fáddágilkorat: |
Lasit fáddágilkoriid
Eai fáddágilkorat, Lasit vuosttaš fáddágilkora!
|
MARC
| LEADER | 00000nam a22000007a 4500 | ||
|---|---|---|---|
| 003 | cru CIDCACS/IIS | ||
| 005 | 20230703104436.0 | ||
| 008 | 210901s1989 nyu||||| |||| 00| 0 eng d | ||
| 020 | |a 0-8021-1081-9 | ||
| 040 | |a Centro de Recursos para el Aprendizaje y la Investigación |b eng |c cru IIS | ||
| 090 | |a 04.03.01 E22c | ||
| 100 | |9 10064 |a Edelman, Marc | ||
| 245 | 1 | |a The Costa Rica Reader / |c Editado por Marc Edelman; Joanne Kenen | |
| 260 | |a Nueva york: |b Grove Weidenfeld; |c 1989 | ||
| 300 | |a 398 páginas | ||
| 500 | |a Colección Centroamérica | ||
| 520 | 3 | |a El documento explora las raíces de la historia colonial de Costa Rica, hasta los años de la independencia; comenzando con la historiografía tradicional y la democracia rural. | |
| 650 | 0 | 4 | |0 TESAUROS |2 OCDE |9 1959 |a ANALISIS HISTORICO |
| 650 | 0 | 0 | |2 OCDE |9 625 |a HISTORIA SOCIAL |0 TESAUROS |
| 650 | 0 | 4 | |2 OCDE |9 5915 |a HISTORIA ECONOMICA |0 TESAUROS |
| 650 | 0 | 0 | |2 OCDE |9 3691 |a POLITICA |0 TESAUROS |
| 650 | 0 | 0 | |2 OCDE |9 4911 |a GOBIERNO |0 TESAUROS |
| 650 | 0 | 0 | |2 OCDE |9 2165 |a CONDICIONES ECONOMICAS |0 TESAUROS |
| 650 | 0 | 4 | |2 OCDE |9 2646 |a RELACIONES INTERNACIONALES |0 TESAUROS |
| 651 | 0 | |9 32 |a COSTA RICA | |
| 700 | |9 10065 |a Kenen, Joanne | ||
| 852 | 1 | 1 | |a 04.03.01 E22c |
| 942 | |2 ddc |c LI |h 04.03.01 E22c |k 04.03.01 |m E22c |6 040301_E22C | ||
| 999 | |c 43851 |d 43851 | ||



